000 00407cam a2200145 4500500
005 20251012032511.0
041 _afre
042 _adc
100 1 0 _aSesé, Bernard
_eauthor
245 0 0 _aLe Héron
260 _c2002.
500 _a27
786 0 _nSigila | 9 | 1 | 2002-06-20 | p. 191-191 | 1286-1715
856 4 1 _uhttps://shs.cairn.info/revue-sigila-2002-1-page-191?lang=fr&redirect-ssocas=7080
999 _c1547458
_d1547458